[Event "Gyor Amateur op 24th"]
[Site "Gyor"]
[Date "2023.12.17"]
[Round "6"]
[White "Korim, Zsolt"]
[Black "Lovasi, Boldizsar"]
[Result "1-0"]
[WhiteElo "1731"]
[BlackElo "1093"]
[PlyCount "74"]
[EventDate "2023.12.16"]
[EventType "swiss"]
[EventRounds "7"]
[EventCountry "HUN"]
[SourceTitle "EXT 2025"]
[Source "ChessBase"]
[SourceDate "2024.10.14"]
[SourceVersion "1"]
[SourceVersionDate "2024.10.14"]
[SourceQuality "1"]

1. d4 d5 2. Nf3 Nc6 3. g3 Bf5 4. Bg2 Nf6 5. a3 e6 6. b3 Be7 7. Bb2 0-0 8. 0-0 Rc8 9. c4 Nb8 10. cxd5 Nxd5 11. Ne5 f6 12. Nc4 Bg6 13. e4 Nb6 14. Nbd2 c5 15. Nxb6 axb6 16. d5 e5 17. f4 Bd6 18. f5 Bf7 19. Nc4 Na6 20. Nxd6 Qxd6 21. Qe2 g6 22. g4 g5 23. Rac1 Rfd8 24. Rf3 Rd7 25. Rh3 Rcc7 26. Qe1 Be8 27. Rhc3 Bf7 28. h4 Be8 29. hxg5 fxg5 30. Rh3 Rf7 31. Qg3 Rce7 32. Kf2 Rf6 33. Rch1 Rff7 34. Bc1 Rg7 35. Rh6 Qc7 36. d6 Qd7 37. dxe7 Qxe7 1-0

[Event "Gyor Amateur op 24th"]
[Site "Gyor"]
[Date "2023.12.16"]
[Round "4"]
[White "Ferenczy, Nora"]
[Black "Lovasi, Boldizsar"]
[Result "1-0"]
[WhiteElo "1559"]
[BlackElo "1093"]
[PlyCount "99"]
[EventDate "2023.12.16"]
[EventType "swiss"]
[EventRounds "7"]
[EventCountry "HUN"]
[SourceTitle "EXT 2025"]
[Source "ChessBase"]
[SourceDate "2024.10.14"]
[SourceVersion "1"]
[SourceVersionDate "2024.10.14"]
[SourceQuality "1"]

1. d4 d5 2. c4 e6 3. Nc3 Be7 4. Nf3 c6 5. cxd5 cxd5 6. Bf4 Nc6 7. Nb5 Qa5+ 8. Nc3 Nf6 9. e3 Bb4 10. Qb3 0-0 11. Bd3 Bd7 12. 0-0 Ne7 13. Ne5 Bc6 14. Rac1 Rac8 15. a3 Bd6 16. Nxc6 Rxc6 17. Bxd6 Rxd6 18. Qxb7 Rd7 19. Qb3 Rc8 20. Rc2 Rdc7 21. Rfc1 g6 22. h3 Qb6 23. Nb5 Rxc2 24. Rxc2 Rxc2 25. Qxc2 Qa5 26. b4 Qb6 27. Qc5 Qxc5 28. dxc5 Nc6 29. Nd4 Nxd4 30. exd4 Kf8 31. Kf1 Ke7 32. Ke1 Kd7 33. Kd2 Kc6 34. b5+ Kb7 35. Kc3 Ne8 36. Kb4 Nc7 37. a4 f6 38. c6+ Kb8 39. f4 f5 40. a5 h6 41. b6 axb6 42. axb6 Ne8 43. c7+ Nxc7 44. bxc7+ Kxc7 45. Kc5 g5 46. g3 Kd7 47. Bb5+ Ke7 48. Kc6 g4 49. h4 Kf7 50. Kd6 1-0